[Event "Vaujany Principal"]
[Site "?"]
[Date "2013.07.16"]
[Round "6.9"]
[White "Joie, Sebastien"]
[Black "Prost, Frederic"]
[Result "1-0"]
[WhiteElo "2387"]
[BlackElo "2128"]
[PlyCount "79"]
[SourceDate "2013.07.27"]

1. Nf3 c5 2. b3 Nc6 3. Bb2 d5 4. e3 a6 5. d4 cxd4 6. Nxd4 Nf6 7. c4 Bg4 8. f3
Bd7 9. Nc3 dxc4 10. Bxc4 e6 11. Rc1 Be7 12. O-O O-O 13. Kh1 Qa5 14. Qe1 Qh5 15.
Nxc6 Bxc6 16. e4 Bd6 17. f4 Bb4 18. Bd3 Rad8 19. Rf3 Rd7 20. a3 Ba5 21. Rg3 e5
22. fxe5 Ng4 {Diagramme #} 23. h3 Rfd8 24. Be2 Rd2 25. Rxg4 Qxe5 26. Ba1 Bc7
27. g3 h5 28. Nd5 Qe6 29. Rxg7+ Kf8 30. Qxd2 Qxh3+ 31. Kg1 Bb6+ 32. Bd4 Rxd5
33. exd5 Bxd5 34. Rc8+ Qxc8 35. Qb4+ Bc5 36. Qxc5+ Qxc5 37. Rxf7+ Kxf7 38.
Bxh5+ Kg8 39. Bxc5 Bxb3 40. Bf3 1-0

[Event "Vaujany Principal"]
[Site "?"]
[Date "2013.07.16"]
[Round "6.10"]
[White "Grimm, Daniel"]
[Black "Brzezinski, Adam"]
[Result "1-0"]
[WhiteElo "2275"]
[BlackElo "2112"]
[PlyCount "91"]
[SourceDate "2013.07.27"]

1. e4 c5 2. Nf3 d6 3. d4 cxd4 4. Nxd4 Nf6 5. Nc3 g6 6. Be3 Bg7 7. f3 O-O 8. Qd2
Nc6 9. g4 Nxd4 10. Bxd4 Be6 11. Nd5 Bxd5 12. exd5 Qc7 13. h4 Rac8 14. Rh2 e5
15. dxe6 fxe6 16. O-O-O e5 17. Be3 Rfd8 $146 18. h5 Qf7 19. Kb1 d5 20. Be2 Rd6
21. hxg6 hxg6 22. Rdh1 d4 23. Bh6 Rdc6 24. Bd3 e4 25. Bxg7 Qxg7 (25... exd3 26.
Rh8+ Kxg7 27. Qh6#) 26. fxe4 Nxg4 27. Rh4 Nf6 28. Qh2 Nh5 29. e5 $18 Kf8 30.
Qf2+ Ke7 31. Qxd4 a6 32. a3 Rd8 33. Qb4+ Ke8 34. Rg1 Qf7 35. Rhg4 Rxd3 36. cxd3
Ng7 37. Qe4 Nf5 38. Rc1 $1 Rxc1+ 39. Kxc1 Qc7+ 40. Kb1 Qb6 41. d4 a5 42. d5 Kf7
43. d6 Qb3 44. Qc4+ Qxc4 45. Rxc4 Ke6 46. Rg4 $1 (46. Rg4 Kxe5 47. d7 $18) 1-0

[Event "Vaujany Principal"]
[Site "?"]
[Date "2013.07.16"]
[Round "6.11"]
[White "Gazik, Viktor"]
[Black "Kormos, Adam"]
[Result "1/2-1/2"]
[WhiteElo "2112"]
[BlackElo "2211"]
[PlyCount "109"]
[EventDate "2013.07.27"]
[SourceDate "2013.07.27"]

1. f4 d5 2. Nf3 Nf6 3. e3 e6 4. b3 Be7 5. Bb2 O-O 6. Bd3 Nbd7 7. O-O Nc5 8. Be2
a5 9. d3 a4 10. b4 Ncd7 11. a3 c5 12. b5 Qc7 13. c4 d4 14. Qd2 dxe3 15. Qxe3
Ng4 16. Qd2 Rd8 17. h3 Nh6 18. g4 Bd6 19. Ng5 e5 20. Qc3 Re8 21. f5 f6 22. Ne4
Nf7 23. Qc2 Nb6 24. Nbc3 Be7 25. Bc1 Rd8 26. Be3 Rd4 27. Bf3 Bd7 28. Nf2 Be8
29. Qe2 Rd7 30. Kh1 Rad8 31. Qc2 e4 32. Ncxe4 Ne5 33. Bf4 Rd4 34. Bg2 Bf7 35.
Bh2 Bf8 36. Rae1 Re8 37. h4 Qd8 38. g5 Nxd3 39. Nxd3 Rxd3 40. gxf6 Nxc4 41.
fxg7 Bxg7 42. Ng5 Rxe1 43. Rxe1 Ne3 44. Qxc5 Nxg2 45. Nxf7 Kxf7 46. Qc4+ {(=)}
Qd5 47. Qxd5+ Rxd5 48. Kxg2 Rxb5 49. Bd6 Rb2+ 50. Kf3 Rb3+ 51. Kg4 Bf8 52. Bxf8
Kxf8 53. Re4 b5 54. Re5 Kf7 55. Kg5 1/2-1/2

[Event "Vaujany Principal"]
[Site "?"]
[Date "2013.07.16"]
[Round "6.14"]
[White "Deleva, Michael"]
[Black "Van Foreest, Lucas"]
[Result "1/2-1/2"]
[WhiteElo "2225"]
[BlackElo "2082"]
[PlyCount "66"]
[EventDate "2013.07.27"]
[SourceDate "2013.07.27"]

1. d4 Nf6 2. c4 g6 3. Nc3 Bg7 4. e4 d6 5. Be2 O-O 6. Be3 Nbd7 7. g4 e5 8. d5
Nc5 9. f3 Ne8 10. h4 Bf6 11. Bf2 Bg7 12. h5 f5 13. hxg6 hxg6 14. gxf5 gxf5 15.
Qd2 Nf6 16. Bxc5 dxc5 17. O-O-O f4 18. Bf1 Ne8 19. Qh2 Qg5 20. Rd2 Qg3 21. Qxg3
fxg3 22. Rg2 Nd6 23. Rxg3 Bd7 24. Bh3 Bxh3 25. Nxh3 Nxc4 26. Ng5 Rae8 27. Ne6
Rf7 28. Rhg1 Ree7 29. Nxc5 Nd6 30. Ne6 Kh8 31. Nxg7 Rxg7 32. Rxg7 Rxg7 33. Rxg7
Kxg7 1/2-1/2

[Event "Vaujany Principal"]
[Site "?"]
[Date "2013.07.16"]
[Round "6.15"]
[White "Juhasz, Armin"]
[Black "Soyer, Jean-Yves"]
[Result "1-0"]
[WhiteElo "2223"]
[BlackElo "2076"]
[PlyCount "99"]
[SourceDate "2013.07.27"]

1. d4 Nf6 2. c4 g6 3. Nc3 Bg7 4. e4 d6 5. Be2 O-O 6. Bg5 h6 7. Be3 c5 8. e5 Nh7
9. exd6 exd6 10. dxc5 dxc5 11. Bxc5 Bxc3+ 12. bxc3 Qxd1+ 13. Rxd1 Re8 14. Be3
Ng5 15. Nf3 Ne4 16. Rc1 h5 17. Nd4 Na6 18. O-O b6 19. Nb5 Bg4 20. f3 Nd2 21.
Bxd2 Rxe2 22. fxg4 Rxd2 23. gxh5 Rc8 24. hxg6 fxg6 25. Rf4 Rxa2 26. Rg4 Kg7 27.
Nxa7 Re8 28. Nc6 Nc5 29. Nd4 Re4 30. Rg3 Ne6 31. Nf5+ Kf6 32. Nd6 Rf4 33. Re1
Nc5 34. h3 Rd2 35. Ne8+ Kf7 36. Nc7 Ne4 37. Rge3 Rff2 38. Rf1 Rxf1+ 39. Kxf1
Nf6 40. Rf3 Ke7 41. Nb5 Nd7 42. Re3+ Kf7 43. Re2 Rd3 44. Kf2 Nc5 45. Re3 Rd2+
46. Kf3 Nb7 47. Re4 Rc2 48. Rd4 Ke7 49. g3 Na5 50. Kf4 1-0

[Event "Vaujany Principal"]
[Site "?"]
[Date "2013.07.16"]
[Round "6.17"]
[White "Micottis, Dorian"]
[Black "Adda, Oilvier"]
[Result "1-0"]
[WhiteElo "2086"]
[BlackElo "2132"]
[PlyCount "177"]
[EventDate "2013.07.27"]
[SourceDate "2013.07.27"]

1. Nf3 Nf6 2. g3 e6 3. Bg2 c5 4. O-O Be7 5. d3 Nc6 6. e4 Qc7 7. Re1 d6 8. c3
O-O 9. a4 Bd7 10. Bf4 e5 11. Bg5 Kh8 12. Na3 Bg4 13. Bxf6 Bxf6 14. Nc4 Qd7 15.
Ne3 Bh3 16. Bxh3 Qxh3 17. Nf5 Rad8 18. Kh1 Qg4 19. Kg2 Ne7 20. h3 Qg6 21. g4
Nxf5 22. exf5 Qh6 23. h4 g5 24. hxg5 Bxg5 25. Rh1 Qg7 26. Nxg5 Qxg5 27. Rh5 Qf4
28. Qf3 Qxf3+ 29. Kxf3 f6 30. Rah1 Rf7 31. g5 fxg5 32. Kg4 d5 33. f3 Rd6 34.
Rh6 Rfd7 35. Re6 Kg7 36. Kxg5 c4 37. dxc4 d4 38. f6+ Kf8 39. Rxd6 Rxd6 40. Rxh7
d3 41. Kg6 Ke8 42. Rh1 d2 43. Rd1 Rd3 44. Kf5 Rxf3+ 45. Kxe5 Rf2 46. Ke4 Kd7
47. Ke3 Rxf6 48. Rxd2+ Kc6 49. Rd5 Rh6 50. b4 Rh3+ 51. Kd2 Rh2+ 52. Kd3 Rh3+
53. Kc2 Rh6 54. Kb3 Kc7 55. Rg5 Rh7 56. Rg6 Rh5 57. Rg7+ Kc8 58. a5 a6 59. Re7
Rg5 60. Kc2 Rg3 61. Kd2 Rh3 62. Re3 Rh1 63. Kd3 Kc7 64. Kd4 Rd1+ 65. Kc5 Rd7
66. b5 Rh7 67. Re6 Rh5+ 68. Kb4 Rh1 69. bxa6 bxa6 70. Rxa6 Kb7 71. Rg6 Rh5 72.
c5 Rh1 73. c6+ Kc7 74. c4 Rh2 75. Kb5 Rh5+ 76. c5 Rh1 77. Rg7+ Kb8 78. c7+ Kc8
79. Kb6 Rb1+ 80. Kc6 Rb6+ 81. Kd5 Ra6 82. Rg8+ Kxc7 83. Rg7+ Kb8 84. c6 Rxa5+
85. Kd6 Ra6 86. Rg8+ Ka7 87. Kd7 Kb6 88. c7 Ra7 89. Rb8+ 1-0

[Event "Vaujany Principal"]
[Site "?"]
[Date "2013.07.16"]
[Round "6.19"]
[White "Deleva, Matthias"]
[Black "Teychene, Jean Louis"]
[Result "1/2-1/2"]
[WhiteElo "2098"]
[BlackElo "1943"]
[PlyCount "87"]
[EventDate "2013.07.27"]
[SourceDate "2013.07.27"]

1. e4 e5 2. Nf3 Nf6 3. Nxe5 d6 4. Nf3 Nxe4 5. Nc3 Nxc3 6. dxc3 Be7 7. Be3 Nc6
8. Qd2 Be6 9. O-O-O a6 10. h4 Qd7 11. Ng5 O-O-O 12. Nxe6 Qxe6 13. Kb1 Kb8 14.
g3 Bf6 15. Bg2 Ne7 16. Rhe1 Qd7 17. Bf4 Rhe8 18. Qd3 h6 19. Bxh6 Bxc3 20. Qxc3
gxh6 21. Qf3 Nc6 {(=)} 22. Qh5 Nb4 23. a3 Nc6 24. Qxh6 Ne5 25. Qd2 c6 26. Qf4
Ng6 27. Qf6 Re5 28. f4 Rh5 29. Qg7 Rc5 30. b4 Rb5 31. c4 Rh5 32. Be4 Nf8 33. f5
Rxf5 34. Bxf5 Qxf5+ 35. Ka1 Qf3 36. Qb2 Qxg3 37. c5 d5 38. Re7 d4 39. Rxf7 Ne6
40. Rh7 Nf4 41. Rh6 Re8 42. Qxd4 Qxa3+ 43. Kb1 Qb3+ 44. Ka1 1/2-1/2

[Event "Vaujany Principal"]
[Site "?"]
[Date "2013.07.16"]
[Round "6.20"]
[White "Gazikova, Veronika"]
[Black "Pistol, Mats-Erik"]
[Result "1-0"]
[WhiteElo "2066"]
[BlackElo "1865"]
[PlyCount "37"]
[SourceDate "2013.07.27"]

1. e4 e5 2. Nc3 Bc5 3. f4 d6 4. Nf3 Nf6 5. Bc4 O-O 6. d3 a6 7. Qe2 Nc6 8. fxe5
dxe5 9. Bg5 Qd6 10. O-O-O Bg4 11. h3 Nd4 12. Qf1 Bxf3 13. gxf3 b5 14. Bb3 Nxb3+
15. axb3 Qb6 16. Qg2 b4 17. Na4 Be3+ 18. Kb1 Qd4 19. Bxf6 1-0

[Event "Vaujany Principal"]
[Site "?"]
[Date "2013.07.16"]
[Round "6.22"]
[White "Grimm, Gyorgy"]
[Black "Georges, Thomas"]
[Result "1/2-1/2"]
[WhiteElo "2009"]
[BlackElo "1840"]
[PlyCount "156"]
[EventDate "2013.07.27"]
[SourceDate "2013.07.27"]

1. e4 d6 2. d4 Nf6 3. Nc3 Nbd7 4. f3 e5 5. Nge2 Be7 6. Be3 c6 7. Qd2 b5 8. Ng3
O-O 9. Be2 exd4 10. Bxd4 Nc5 11. Rd1 Qc7 12. O-O Rb8 13. Kh1 Rd8 14. Rfe1 Ne6
15. Bf2 d5 16. exd5 Nxd5 17. Nxd5 Rxd5 18. Qc1 Bg5 19. Qb1 Bd2 20. Rf1 Nf4 21.
Bd3 Nxd3 22. Rxd2 Nxf2+ {(=)} 23. Rfxf2 Be6 24. Rxd5 Bxd5 25. a3 Re8 26. Qd1 a6
27. Re2 Be6 28. c3 Rd8 29. Rd2 Rxd2 30. Qxd2 Qd7 31. Qxd7 Bxd7 {(=)} 32. b4 f5
33. f4 Kf7 34. Nf1 Ke6 35. Ne3 Kd6 36. Kg1 g6 37. Kf2 c5 38. h3 c4 39. Ke2 Be6
40. Kf3 Bd5+ 41. Kf2 Be4 42. g3 h5 43. h4 Ke6 44. Ke2 Kd6 45. Nd1 Bd5 46. Nf2
Bg2 47. Ke3 Bf1 48. Kd2 Bg2 49. Ke2 Kd7 50. Kd2 Kd6 51. Kc2 Be4+ 52. Kb2 Bg2
53. a4 Bf1 54. axb5 axb5 55. Kc2 Bg2 56. Kd2 Bf1 57. Ke3 Bg2 58. Ke2 Ke6 59.
Nd1 Be4 60. Ne3 Bd3+ 61. Kd2 Be4 62. Ke1 Bd3 63. Nd1 Be4 64. Ne3 Bd3 65. Kf2
Kd6 66. Kg1 Ke6 67. Nd1 Be2 68. Nf2 Bg4 69. Kf1 Kd6 70. Ke1 Ke7 71. Kd2 Kd7 72.
Ke3 Ke7 73. Nh1 Kd6 74. Kd4 Bf3 75. Nf2 Bg4 76. Ke3 Ke6 77. Nh1 Kd6 78. Nf2 Ke6
1/2-1/2

[Event "Vaujany Principal"]
[Site "?"]
[Date "2013.07.16"]
[Round "6.26"]
[White "Heymann-Lobzhanidze, Anne-Luise"]
[Black "Koetz, Andreas"]
[Result "0-1"]
[WhiteElo "1990"]
[BlackElo "2013"]
[PlyCount "58"]
[SourceDate "2013.07.27"]

1. e4 c5 2. Nf3 Nc6 3. d4 cxd4 4. Nxd4 Nf6 5. Nc3 e5 6. Ndb5 d6 7. Bg5 a6 8.
Na3 b5 9. Nd5 Be7 10. Bxf6 Bxf6 11. c3 O-O 12. Nc2 Bg5 13. a4 bxa4 14. Rxa4 a5
15. Bc4 Rb8 16. Ra2 Kh8 17. Nce3 Be6 18. Qd3 Bh6 19. O-O g6 20. Bb5 Bd7 21. Qc4
Rc8 22. Qa4 f5 23. exf5 gxf5 24. Nc4 Rg8 25. Nxa5 {Diagramme #} Rxg2+ 26. Kh1
f4 27. Rg1 Rxh2+ 28. Kxh2 Qh4+ 29. Kg2 Qh3# 0-1

[Event "Vaujany Principal"]
[Site "?"]
[Date "2013.07.17"]
[Round "7.1"]
[White "Solozhenkin, Evgeniy"]
[Black "Vovk, Andrey"]
[Result "1/2-1/2"]
[WhiteElo "2458"]
[BlackElo "2567"]
[PlyCount "81"]
[SourceDate "2013.07.27"]

1. e4 c5 2. c3 d5 3. exd5 Qxd5 4. d4 Nc6 5. Nf3 Nf6 6. Be3 cxd4 7. cxd4 e6 8.
Nc3 Qd8 9. a3 Be7 10. Bc4 O-O 11. O-O a6 12. d5 exd5 13. Nxd5 Nxd5 14. Bxd5 Be6
15. Bxe6 fxe6 16. Qe2 Bf6 17. Rad1 Qc7 18. Nd4 Rae8 19. Nxc6 Qxc6 20. Rc1 Qb5
21. Qxb5 axb5 22. Rc2 Rc8 23. Rfc1 Rc4 24. Rxc4 bxc4 25. Rxc4 Bxb2 26. a4 Bf6
27. Kf1 Ra8 28. Bb6 Bd8 29. a5 Kf8 30. Ke2 Ke7 31. Bxd8+ Rxd8 32. Rb4 Rd7 33.
Ke3 Kf6 34. Rb5 g5 35. f4 h6 36. g4 gxf4+ 37. Kxf4 Rd4+ 38. Kg3 Rd3+ 39. Kh4
Ra3 40. Rh5 Kg6 41. Re5 1/2-1/2

[Event "Vaujany Principal"]
[Site "?"]
[Date "2013.07.17"]
[Round "7.2"]
[White "Foisor, Ovidiu-Doru"]
[Black "Lobzhanidze, Davit"]
[Result "1/2-1/2"]
[WhiteElo "2400"]
[BlackElo "2453"]
[PlyCount "64"]
[SourceDate "2013.07.27"]

1. Nf3 d5 2. g3 Nf6 3. Bg2 e6 4. O-O Be7 5. d4 O-O 6. c4 c6 7. Qc2 Nbd7 8. b3
b6 9. Rd1 Ba6 10. Nbd2 c5 11. e4 dxc4 12. Nxc4 cxd4 13. Nxd4 Rc8 14. Qe2 Qc7
15. Bf4 e5 16. Nf5 Rfe8 17. Bg5 Bxc4 18. bxc4 h6 19. Bh4 Bf8 20. Bxf6 Nxf6 21.
Qf3 Qc6 22. Ne3 Bc5 23. Nd5 Bd4 24. Nxf6+ Qxf6 25. Qxf6 gxf6 26. Rac1 Rc5 27.
Bf1 Rec8 28. Rb1 b5 29. Rxb5 Rxb5 30. cxb5 Rc2 31. a4 Ra2 32. Bc4 Rxa4 1/2-1/2

[Event "Vaujany Principal"]
[Site "?"]
[Date "2013.07.18"]
[Round "7.3"]
[White "Gazik, Igor"]
[Black "Juhasz, Kristof"]
[Result "1/2-1/2"]
[WhiteElo "2319"]
[BlackElo "2292"]
[PlyCount "78"]
[SourceDate "2013.07.27"]

1. d4 d5 2. Nf3 Nf6 3. e3 c5 4. c3 cxd4 5. exd4 Nc6 6. Qb3 Qc7 7. Bg5 Na5 8.
Bb5+ Bd7 9. Qa4 Nc6 10. Nbd2 a6 11. Be2 Bf5 12. Ne5 e6 13. g4 Be4 14. f3 Bg6
15. h4 h6 16. Be3 Bh7 17. Kf2 Bd6 18. g5 Nd7 19. Nxc6 bxc6 20. Rag1 Bf5 21.
gxh6 gxh6 22. Nf1 h5 23. Ng3 Bg6 24. Qd1 c5 25. Bd3 cxd4 26. Bxd4 Be5 27. Bxg6
fxg6 28. Qd3 Kf7 29. Ne2 Rhg8 30. Rg5 Bf6 31. Bxf6 Nxf6 32. Qe3 Rab8 33. b3
Rbe8 34. Kg2 e5 35. Re1 Nh7 36. Rg3 Nf6 37. Rg5 Nh7 38. Rg3 Nf6 39. Rg5 Nh7
1/2-1/2

[Event "Vaujany Principal"]
[Site "?"]
[Date "2013.07.18"]
[Round "7.4"]
[White "Horvath, Jozsef"]
[Black "Grimm, Daniel"]
[Result "1-0"]
[WhiteElo "2516"]
[BlackElo "2275"]
[PlyCount "79"]
[SourceDate "2013.07.27"]

1. e4 d5 2. exd5 Qxd5 3. Nc3 Qa5 4. Bc4 Nf6 5. d3 Bg4 6. Nge2 e6 7. Bd2 Qb6 8.
f3 Bf5 9. g4 Bg6 10. h4 h5 11. Nf4 Bd6 12. Qe2 Bxf4 13. Bxf4 Nc6 14. Nb5 Nd5
15. Bxd5 Qxb5 16. Bxc6+ Qxc6 17. O-O-O O-O-O 18. Kb1 Rd5 19. Bc1 f6 20. Rhg1
Rd7 21. Qf2 b6 22. b3 a5 23. Bb2 Kb7 24. g5 f5 25. f4 a4 26. Rde1 Ra8 27. Rg3
axb3 28. axb3 Be8 29. Qe2 g6 30. Qxe6 Qxe6 31. Rxe6 Bf7 32. Re1 Re8 33. Rxe8
Bxe8 34. Re3 Bf7 35. Bf6 c5 36. Kb2 Kc6 37. c4 Rd6 38. Kc3 Re6 39. Be5 Be8 40.
Re1 1-0

[Event "Vaujany Principal"]
[Site "?"]
[Date "2013.07.17"]
[Round "7.5"]
[White "Manolache, Marius"]
[Black "Schoorl, Rob"]
[Result "1-0"]
[WhiteElo "2504"]
[BlackElo "2340"]
[PlyCount "95"]
[SourceDate "2013.07.27"]

1. d4 Nf6 2. c4 g6 3. Nc3 Bg7 4. e4 d6 5. Be2 O-O 6. Bg5 c5 7. d5 h6 8. Bf4 e6
9. Nf3 exd5 10. cxd5 b5 11. Nxb5 Nxe4 12. Nd2 Re8 13. f3 Nxd2 14. Qxd2 Ba6 15.
O-O Qb6 16. a4 c4+ 17. Kh1 Bxb5 18. axb5 g5 19. Bg3 Qxb5 20. Rac1 Qxb2 21. Rc2
c3 22. Qd3 Qb6 23. f4 Qe3 24. Qf5 Qe4 25. fxg5 Qxf5 26. Rxf5 hxg5 27. Rxg5 Nd7
28. Bxd6 Rac8 29. Bf1 Re1 30. Kg1 Rd1 31. Bb4 Nb6 32. Rxc3 f6 33. Rxc8+ Nxc8
34. Rg3 Nb6 35. d6 Nc4 36. Rd3 Rxd3 37. Bxd3 Ne5 38. Bc4+ Kh8 39. Be6 Bf8 40.
Kf1 Nc6 41. Bc5 Kg7 42. h4 f5 43. Bxf5 Kf6 44. g4 Ke5 45. h5 Bxd6 46. h6 Nd8
47. Bxd6+ Kxd6 48. Bg6 1-0

[Event "Vaujany Principal"]
[Site "?"]
[Date "2013.07.17"]
[Round "7.6"]
[White "Doncea, Vladimir"]
[Black "Joie, Sebastien"]
[Result "1/2-1/2"]
[WhiteElo "2423"]
[BlackElo "2387"]
[PlyCount "75"]
[SourceDate "2013.07.27"]

1. d4 d5 2. c4 e6 3. Nf3 Nf6 4. g3 dxc4 5. Bg2 c5 6. O-O Nc6 7. Qa4 Bd7 8. Qxc4
cxd4 9. Nxd4 Rc8 10. Nc3 Nxd4 11. Qxd4 Bc5 12. Qh4 O-O 13. Bg5 h6 14. Bxf6 Qxf6
15. Qxf6 gxf6 16. Rfd1 Rc7 17. Rd3 Rfc8 18. Rad1 Be8 19. Ne4 Be7 20. Nd6 Bxd6
21. Rxd6 Bc6 22. Bxc6 Rxc6 23. Rxc6 Rxc6 24. Rd7 Rb6 25. b3 Ra6 26. Rd2 Kg7 27.
Rc2 Rd6 28. Kg2 f5 29. Kf3 Kf6 30. Ke3 Rd7 31. Rc4 Kg5 32. Ra4 a6 33. Rc4 Kf6
34. a4 Rd5 35. Rh4 Kg6 36. Rb4 b5 37. axb5 a5 38. Ra4 1/2-1/2

[Event "Vaujany Principal"]
[Site "?"]
[Date "2013.07.17"]
[Round "7.7"]
[White "Olivier, Jean-Christophe"]
[Black "Carmaciu, Catalin"]
[Result "0-1"]
[WhiteElo "2350"]
[BlackElo "2416"]
[PlyCount "100"]
[SourceDate "2013.07.27"]

1. e4 c5 2. Nf3 a6 3. c3 d6 4. d4 Nf6 5. Bd3 Bg4 6. Be3 e6 7. Nbd2 Nc6 8. O-O
Be7 9. a3 Bh5 10. b4 cxd4 11. cxd4 Bg6 12. Qb1 d5 13. Ne5 dxe4 14. Nxe4 Bxe4
15. Bxe4 Nxe4 16. Qxe4 Qd5 17. Qxd5 exd5 18. Rac1 Rc8 19. Rfe1 f6 20. Nd3 Kf7
21. Nc5 Bxc5 22. Rxc5 Ne7 23. Rec1 Rxc5 24. dxc5 Nc6 25. Kf1 d4 26. Bd2 Ke6 27.
Ke2 Kd5 28. f4 Ke4 29. Rc4 g5 30. fxg5 fxg5 31. a4 Rf8 32. Rc1 d3+ 33. Ke1 Nd4
34. Bxg5 Rg8 35. h4 h6 36. Bf6 d2+ 37. Kxd2 Nb3+ 38. Kc2 Nxc1 39. Kxc1 Kd5 40.
Kd2 Kc4 41. Be7 Rxg2+ 42. Ke3 Rb2 43. Kf4 Rxb4 44. Kf5 Rxa4 45. Kg6 Kd5 46.
Kxh6 Re4 47. Bf6 Re6 48. Kg6 a5 49. h5 a4 50. h6 Rxf6+ 0-1

[Event "Vaujany Principal"]
[Site "?"]
[Date "2013.07.17"]
[Round "7.8"]
[White "Kormos, Adam"]
[Black "Ardelean, George-Catalin"]
[Result "0-1"]
[WhiteElo "2212"]
[BlackElo "2505"]
[PlyCount "84"]
[SourceDate "2013.07.27"]

1. e4 c5 2. Nf3 e6 3. d4 cxd4 4. Nxd4 Nf6 5. Nc3 d6 6. Be3 a6 7. g4 h6 8. f4
Qb6 9. a3 Nc6 10. h3 Qc7 11. Bg2 Na5 12. Qd3 Nc4 13. O-O-O Bd7 14. Nf3 Be7 15.
Bf2 O-O 16. Nd2 Bb5 17. Nxc4 Bxc4 18. Qe3 e5 19. Kb1 exf4 20. Qxf4 Nd7 21. h4
Ne5 22. g5 h5 23. Bf3 g6 24. Be2 Be6 25. Nd5 Bxd5 26. exd5 Rfc8 27. c3 Bf8 28.
Bd4 Bg7 29. Rhf1 b5 30. Rf2 Rab8 31. Rdf1 Rb7 32. Qd2 Qb8 33. Rf6 Re8 34. Qf4
Ree7 35. Bd1 Qc7 36. Rg1 a5 37. Qd2 Nc4 38. Qf4 b4 39. axb4 axb4 40. Qf2 Nxb2
41. Kxb2 bxc3+ 42. Kc1 Qa5 0-1

[Event "Vaujany Principal"]
[Site "?"]
[Date "2013.07.18"]
[Round "7.9"]
[White "Ninov, Nikolai"]
[Black "Adam, Gyorgy jr"]
[Result "1-0"]
[WhiteElo "2481"]
[BlackElo "2129"]
[PlyCount "61"]
[SourceDate "2013.07.27"]

1. e4 c5 2. Nf3 d6 3. d4 cxd4 4. Nxd4 Nf6 5. Nc3 g6 6. Be3 Bg7 7. f3 O-O 8. Qd2
Nc6 9. Bc4 Bd7 10. O-O-O Na5 11. Be2 Rc8 12. g4 Nc4 13. Bxc4 Rxc4 14. Kb1 b5
15. b3 Rc8 16. Ndxb5 Qa5 17. a4 Qa6 18. Bd4 e5 19. Be3 Bxb5 20. Nxb5 Rc6 21.
Nxa7 d5 22. Nxc6 Qxc6 23. g5 Nxe4 24. fxe4 d4 25. Bf2 Rb8 26. Qd3 Bf8 27. Bg3
Qc5 28. Rhf1 Rb7 29. Rf6 Be7 30. Qa6 Rc7 31. Qc4 1-0

[Event "Vaujany Principal"]
[Site "?"]
[Date "2013.07.18"]
[Round "7.10"]
[White "Di Nicolantonio, Lucas"]
[Black "Gazik, Viktor"]
[Result "1-0"]
[WhiteElo "2300"]
[BlackElo "2112"]
[PlyCount "69"]
[SourceDate "2013.07.27"]

1. e4 c5 2. Nf3 d6 3. d4 cxd4 4. Qxd4 Nc6 5. Bb5 Bd7 6. Bxc6 bxc6 7. O-O c5 8.
Qd3 g6 9. e5 Bf5 10. Qe2 d5 11. Qb5+ Qd7 12. Qxc5 Rc8 13. Qd4 e6 14. c3 Ne7 15.
Bg5 Nc6 16. Qh4 h6 17. Bf6 Rg8 18. Nbd2 g5 19. Qg3 Rg6 20. Nd4 Nxd4 21. cxd4
Rc2 22. Nb3 Rxb2 23. Rfc1 Bb4 24. a3 Bc2 25. Nc5 Bxc5 26. Qc3 Rb5 27. Rxc2 Be7
28. Bxe7 Kxe7 29. a4 Rb8 30. Qa3+ Ke8 31. Rac1 a6 32. Rc7 Qd8 33. g3 g4 34. Ra7
Rb6 {Diagramme #} 35. Rc8 1-0

[Event "Vaujany Principal"]
[Site "?"]
[Date "2013.07.17"]
[Round "7.11"]
[White "Micottis, Dorian"]
[Black "Juhasz, Armin"]
[Result "0-1"]
[WhiteElo "2086"]
[BlackElo "2223"]
[PlyCount "60"]
[SourceDate "2013.07.27"]

1. e4 c6 2. d4 d5 3. Nc3 dxe4 4. Nxe4 Bf5 5. Ng3 Bg6 6. h4 h6 7. Nh3 e6 8. Nf4
Bh7 9. Bc4 Nf6 10. O-O Bd6 11. Re1 O-O 12. Ngh5 Nxh5 13. Nxh5 Bg6 14. g3 (14.
Qg4 Qa5) 14... Qa5 15. Nf4 {Diagramme #} Bxc2 $1 16. Qe2 Bf5 $17 17. a3 Nd7 18.
Bd2 Qc7 19. Nd3 $2 (19. Rac1) 19... b5 20. Ba2 Bxg3 $1 21. Ne5 (21. fxg3 Qxg3+
22. Kh1 Bxd3 $19) 21... Bxe5 22. dxe5 Rfd8 23. Bf4 Nc5 24. Red1 Rxd1+ (24...
Nd3) 25. Rxd1 Rd8 26. Rd6 Ne4 27. Rxd8+ Qxd8 28. Bg3 Qd4 (28... Nxg3) 29. Kh2
Nxg3 30. fxg3 Bd3 (30... Bd3 31. Qd2 Qxe5 32. Qxd3 Qxb2+ 33. Kh1 Qxa2 $19) 0-1

[Event "Vaujany Principal"]
[Site "?"]
[Date "2013.07.18"]
[Round "7.12"]
[White "Houard, Sebastien"]
[Black "Ravot, Sylvain"]
[Result "1-0"]
[WhiteElo "2100"]
[BlackElo "2288"]
[PlyCount "50"]
[SourceDate "2013.07.27"]

1. e4 c5 2. Nf3 e6 3. d4 cxd4 4. Nxd4 Qb6 5. Nb3 Qc7 6. Bd3 Nf6 7. O-O d6 8.
Nc3 a6 9. f4 Nbd7 10. Qe2 b5 11. g4 h6 12. Nd4 b4 13. Nd5 exd5 14. exd5+ Be7
15. g5 Qc5 16. Be3 Nxd5 17. Rae1 N7b6 18. Bf2 Qc7 19. Bh4 hxg5 20. Bxg5 f6 21.
Bg6+ Kd8 22. Qf2 Qc5 23. Bh4 Rxh4 24. Nc6+ Kd7 25. Qxc5 dxc5 1-0

[Event "Vaujany Principal"]
[Site "?"]
[Date "2013.07.17"]
[Round "7.14"]
[White "Adam, Gyorgy"]
[Black "Deleva, Michael"]
[Result "0-1"]
[WhiteElo "2050"]
[BlackElo "2225"]
[PlyCount "90"]
[SourceDate "2013.07.27"]

1. e4 g6 2. d4 Bg7 3. Nf3 d6 4. c3 Nf6 5. Bd3 O-O 6. O-O Nbd7 7. Re1 e5 8. Bg5
h6 9. Bh4 Qe8 10. Nbd2 Nh5 11. Bc4 Nb6 12. Bb3 Bg4 13. h3 Be6 14. Bxe6 Qxe6 15.
d5 Qe8 16. Nh2 f5 17. f3 Nf4 18. b3 c6 19. c4 cxd5 20. cxd5 Rc8 21. Re3 Rf7 22.
a4 a5 23. Bf2 Qd8 24. Qf1 Rfc7 25. g3 Rc2 26. Rd1 Nh5 27. Ree1 R8c3 28. Qb5 Nc8
29. Nb1 Rc7 30. Qxa5 Rxf2 31. Kxf2 Rc2+ 32. Qd2 Rxd2+ 33. Rxd2 Bf6 34. Rc2 f4
35. Kg2 fxg3 36. Ng4 Nf4+ 37. Kh1 Bh4 38. Rec1 Ne7 39. Nxh6+ Kg7 40. Ng4 Qb6
41. Nd2 g2+ 42. Kh2 Bg3+ 43. Kxg3 g1=Q+ 44. Rxg1 Qxg1+ 45. Kh4 Qe1+ 0-1

[Event "Vaujany Principal"]
[Site "?"]
[Date "2013.07.17"]
[Round "7.18"]
[White "Petrone, Gianmario"]
[Black "Foisor, Cristina-Adela"]
[Result "0-1"]
[WhiteElo "1993"]
[BlackElo "2387"]
[PlyCount "92"]
[SourceDate "2013.07.27"]

1. e4 e5 2. Nf3 Nc6 3. Bc4 Bc5 4. c3 Nf6 5. d3 a6 6. O-O Ba7 7. Nbd2 d6 8. Bb3
O-O 9. h3 h6 10. Re1 Nh5 11. Nf1 Qf6 12. Be3 Ne7 13. Bxa7 Rxa7 14. Kh2 Nf4 15.
Ne3 c6 16. Ng1 d5 17. g3 Nfg6 18. Qf3 Be6 19. Qxf6 gxf6 20. exd5 cxd5 21. Ne2
Rd8 22. d4 e4 23. Ng2 a5 24. a3 Rd6 25. Bc2 b5 26. Bb3 Rb7 27. Bc2 Nc8 28. b4
Ra6 29. Bb3 Rba7 30. Rab1 axb4 31. axb4 Nb6 32. Ne3 Ne7 33. Nc2 Nf5 34. Ra1 Na4
35. Bxa4 Rxa4 36. Rxa4 Rxa4 37. Ra1 Nd6 38. Rxa4 bxa4 39. Na3 Bd7 40. Nf4 Bc6
41. b5 Nxb5 42. Nxb5 Bxb5 43. Nxd5 a3 44. Nb4 f5 45. Nc2 a2 46. Kg2 Be2 0-1

[Event "Vaujany Principal"]
[Site "?"]
[Date "2013.07.17"]
[Round "7.19"]
[White "Adda, Olivier"]
[Black "Borderie, David"]
[Result "1-0"]
[WhiteElo "2132"]
[BlackElo "1996"]
[PlyCount "103"]
[SourceDate "2013.07.27"]

1. d4 d5 2. Nf3 Nc6 3. c4 Bg4 4. Nc3 e6 5. Bf4 Bb4 6. e3 Nge7 7. Bd3 dxc4 8.
Bxc4 Nd5 9. Bxd5 exd5 10. O-O Bxc3 11. bxc3 O-O 12. Rb1 b6 13. h3 Be6 14. Re1
Na5 15. Nd2 Re8 16. f3 f6 17. e4 dxe4 18. fxe4 Bxa2 19. Rb2 Bf7 20. d5 f5 21.
c4 fxe4 22. Nxe4 Nxc4 23. Rbe2 Nd6 24. Ng5 Rxe2 25. Qxe2 Qf6 26. Qc2 Bg6 27.
Qxc7 Ne8 (27... Qxf4 28. Ne6 Qf7 29. Qxd6) 28. Qb7 Qc3 29. Re7 Qc8 30. d6 Qxb7
31. Rxb7 Nf6 32. Ne6 Bf7 33. Nc7 Rd8 34. Rxa7 Nd5 35. Bg5 Nf6 36. Rb7 h6 (36...
Rxd6 37. Rb8+) 37. Bxf6 gxf6 38. Rxb6 Rd7 39. Kf2 Kg7 40. Ke3 f5 41. Kf4 Kf6
42. g3 Bc4 43. h4 Bf7 44. Ra6 Bc4 45. Ra5 Bd3 (45... Rxd6 46. Ne8+) 46. Re5 Kf7
47. Re6 h5 48. Ke5 Be4 49. Rh6 Kg7 50. Rxh5 Kg6 51. Rg5+ Kh6 52. Ke6 1-0